000 00364nam a2200169Ia 4500
100 _aBarber/David
650 _aMachine learning
942 _cBK
366 _f25
654 _amachine learning
245 _aBayesian Reasoning and machine learning
260 _bCUP
_c2012
082 _bBAR
300 _a697
546 _aENGLISH
_cComputers
999 _c23752
_d23752